000 00377nam a2200169Ia 4500
100 _aCollings/Terry/ Kurtwall
650 _aLinux
250 _a3
942 _cBK
366 _f20
654 _ared hat
245 _aRed Hat Linux Networking and system administration
260 _bWiley India
_c2005
082 _a005.133/COL
_bCOL
300 _a992
546 _aENGLISH
999 _c26729
_d26729